King Edward VII Nautical School
Descripción Física:
8 p. ; 21 cm
MARC
| LEADER | 00000nam a2200000Ia 4500 | ||
|---|---|---|---|
| 001 | 15908 | ||
| 003 | BGR | ||
| 005 | 20260410113706.0 | ||
| 008 | 160829s9999 xx 000 0 cat d | ||
| 080 | |a RF-12-44 | ||
| 110 | 2 | |a King Edward VII Nautical School |9 71321 | |
| 245 | |a King Edward VII Nautical School | ||
| 260 | |a London : |b (The Burdett Pronting), [1910?] | ||
| 300 | |a 8 p. ; |c 21 cm | ||
| 590 | |a Abans del títol: Patronised by the Honourable Corporation of The Trinity House of London. | ||
| 650 | |a Orientació escolar |x Londres |9 39096 | ||
| 650 | |a Navegació |x Ensenyament |9 39094 | ||
| 856 | 4 | |u https://media.diba.cat/diba/fitxers/arxiu/fulletons/bib_15908_1910_baixa.pdf |y Accés lliure | |
| 856 | 4 | |u https://media.diba.cat/diba/fitxers/arxiu/fulletons/bib_15908_1910_baixa.pdf |y Accés lliure | |
| 900 | |a bib_15908_1910_baixa.pdf | ||
| 901 | |a Arxiu | ||
| 942 | |n 1 |2 udc |c MON | ||
| 952 | |0 0 |1 0 |4 0 |6 RF1244 |7 1 |9 48796 |a Arxiu |b Arxiu |d 2016-12-01 |l 0 |o RF-12-44 |p 15908 |r 2016-12-01 00:00:00 |w 2016-12-01 |y ARXIU | ||
| 999 | |c 52629 |d 52629 | ||